Movies Quiz

Random Movies Quiz
Score 0/12 Timer 03:00
0 Plays Today
Hint Answer % Correct
Losers Club Beverly Marsh
100%
Losers ClubMike Hanlon
85.7%
Losers ClubBen Hanscom
85.7%
Losers ClubBill Denbrough
85.7%
Losers ClubEddie Kaspbrak
85.7%
Losers ClubStanley Uris
85.7%
NightmarePennywise
85.7%
Brother of someone in the losers clubGeorgie Denbrough
85.7%
Losers ClubRichie Tozier
71.4%
BullyHenry Bowers
71.4%
BullyBelch
71.4%
BullyPatrick Hocksetter
42.9%

You're not logged in!

Compare scores with friends on all Sporcle quizzes.
OR
Log In

From the Vault

European Writers (A-Z)

by Aprilli

This quiz features 25 famous European writers, so you know at least one of them has worn a pair of lederhosen at some point.
Remove Ads.
Support Sporcle.
Get the best of Sporcle when you Go Orange. This ad-free experience offers more features, more stats, and more fun while also helping to support Sporcle. Thank you for becoming a member.

Show Comments

Extras

Created Feb 7, 2018ReportNominate
Tags:Character

Top Quizzes Today


Score Distribution

Your Account Isn't Verified!

In order to create a playlist on Sporcle, you need to verify the email address you used during registration. Go to your Sporcle Settings to finish the process.

Report this User

Report this user for behavior that violates our Community Guidelines.

Details: